[Event "EU-ch U18 Girls 27th"]
[Site "Mamaia"]
[Date "2017.09.09"]
[Round "5"]
[White "Felberbauer, Sara"]
[Black "Mircheva, Nona"]
[Result "1/2-1/2"]
[WhiteElo "1614"]
[BlackElo "1819"]
[PlyCount "24"]
[EventDate "2017.09.05"]
[EventType "swiss"]
[EventRounds "9"]
[EventCountry "ROU"]
[SourceTitle "EXT 2018"]
[Source "ChessBase"]
[SourceDate "2017.10.13"]
[SourceVersion "1"]
[SourceVersionDate "2017.10.13"]
[SourceQuality "1"]

1. e4 d5 2. exd5 Nf6 3. d4 Nxd5 4. Nf3 g6 5. Bd2 Bg7 6. Nc3 0-0 7. Bc4 Nb6 8. Bb3 Nc6 9. Be3 Bf5 10. a3 Re8 11. 0-0 e5 12. dxe5 Nxe5 1/2-1/2

[Event "EU-ch U18 Girls 27th"]
[Site "Mamaia"]
[Date "2017.09.08"]
[Round "4"]
[White "Cimpean, Andra"]
[Black "Felberbauer, Sara"]
[Result "1-0"]
[WhiteElo "1901"]
[BlackElo "1614"]
[PlyCount "63"]
[EventDate "2017.09.05"]
[EventType "swiss"]
[EventRounds "9"]
[EventCountry "ROU"]
[SourceTitle "CBM 180 Extra"]
[Source "ChessBase"]
[SourceDate "2017.10.06"]
[SourceVersion "1"]
[SourceVersionDate "2017.10.06"]
[SourceQuality "1"]

1. e4 e5 2. Nf3 Nc6 3. Bc4 Bc5 4. c3 Nf6 5. d3 0-0 6. 0-0 a6 7. Nbd2 d6 8. Bb3 h6 9. Re1 Ba7 10. Nf1 Be6 11. Ng3 Ng4 12. Re2 Bxb3 13. axb3 Ne7 14. h3 Nf6 15. Nh4 Kh7 16. d4 c6 17. Re1 g6 18. Qd2 Neg8 19. Nf3 Qc7 20. Qc2 Rfe8 21. Bd2 Rac8 22. Rad1 Nd7 23. Bc1 Nf8 24. d5 Nd7 25. Nh2 Ndf6 26. Nhf1 Qe7 27. Be3 Bxe3 28. Rxe3 Red8 29. Kh1 cxd5 30. exd5 Qc7 31. h4 h5 32. Qe2 1-0

[Event "EU-ch U18 Girls 27th"]
[Site "Mamaia"]
[Date "2017.09.05"]
[Round "1"]
[White "Hrescak, Ivana"]
[Black "Felberbauer, Sara"]
[Result "1-0"]
[WhiteElo "2034"]
[BlackElo "1614"]
[PlyCount "47"]
[EventDate "2017.09.05"]
[EventType "swiss"]
[EventRounds "9"]
[EventCountry "ROU"]
[SourceTitle "CBM 180 Extra"]
[Source "ChessBase"]
[SourceDate "2017.10.06"]
[SourceVersion "1"]
[SourceVersionDate "2017.10.06"]
[SourceQuality "1"]

1. d4 Nf6 2. c4 g6 3. Nc3 Bg7 4. e4 d6 5. f3 0-0 6. Be3 Nc6 7. Nge2 a6 8. Qd2 Rb8 9. Nc1 e5 10. d5 Nd4 11. N1e2 c5 12. dxc6 Nxc6 13. Rd1 Ne8 14. c5 f6 15. cxd6 Rf7 16. Na4 Bf8 17. Nec3 Rd7 18. Bc4+ Kh8 19. Qd5 Rg7 20. Bh6 Nxd6 21. Nc5 Nxc4 22. Qxd8 Nxd8 23. Rxd8 Rg8 24. Bxf8 1-0

[Event "AUT-ch U16/18 Girls"]
[Site "St Veit"]
[Date "2016.03.24"]
[Round "7"]
[White "Felberbauer, Sara"]
[Black "Berger, Lisa"]
[Result "0-1"]
[WhiteElo "1415"]
[BlackElo "1579"]
[PlyCount "78"]
[EventDate "2016.03.20"]
[EventType "swiss"]
[EventRounds "7"]
[EventCountry "AUT"]
[SourceTitle "CBM 171 Extra"]
[Source "ChessBase"]
[SourceDate "2016.04.26"]
[SourceVersion "1"]
[SourceVersionDate "2016.04.26"]
[SourceQuality "1"]

1. e4 c5 2. Nf3 e6 3. d4 cxd4 4. Nxd4 Nc6 5. Nc3 a6 6. Be3 Nge7 7. Qd2 Nxd4 8. Bxd4 Nc6 9. Be3 Be7 10. 0-0-0 0-0 11. f3 b5 12. g4 Ne5 13. Be2 Nc4 14. Bxc4 bxc4 15. g5 Qa5 16. Kb1 Rb8 17. Ne2 Qb5 18. Qc1 Ba3 19. Bd4 c3 20. Nxc3 Qxb2+ 21. Qxb2 Bxb2 22. h4 Bxc3+ 23. Kc1 Bxd4 24. Rxd4 Rd8 25. h5 Bb7 26. g6 fxg6 27. hxg6 hxg6 28. f4 Bc6 29. Rg1 Kf7 30. Rg5 Rb5 31. e5 Rdb8 32. Rg4 Rb1+ 33. Kd2 R1b2 34. a3 Ra2 35. Rd3 Rbb2 36. Rc3 Ba4 37. f5 Bxc2 38. fxg6+ Bxg6+ 39. Kc1 Rb1# 0-1

[Event "AUT-ch U14 Girls"]
[Site "Woerth"]
[Date "2014.06.08"]
[Round "4"]
[White "Kraft, Lena"]
[Black "Felberbauer, Sara"]
[Result "1-0"]
[WhiteElo "1360"]
[BlackElo "1292"]
[PlyCount "43"]
[EventDate "2014.06.07"]
[EventType "swiss"]
[EventRounds "7"]
[EventCountry "AUT"]
[SourceTitle "EXT 2016"]
[Source "ChessBase"]
[SourceDate "2015.10.08"]
[SourceVersion "1"]
[SourceVersionDate "2015.10.08"]
[SourceQuality "1"]

1. e4 e5 2. Nf3 Nc6 3. Bc4 Bc5 4. b4 Bxb4 5. c3 Ba5 6. d4 exd4 7. 0-0 dxc3 8. Qb3 Qe7 9. Nxc3 d6 10. Bb2 Nf6 11. Nd5 Nxd5 12. Bxd5 f6 13. Nd4 Nxd4 14. Bxd4 c6 15. Bc4 Qxe4 16. Bc3 Bxc3 17. Qxc3 Qg6 18. Rfe1+ Kf8 19. Qe3 d5 20. Qe7+ Kg8 21. Qd8+ Kf7 22. Re7# 1-0

[Event "AUT-ch U14 Girls"]
[Site "Woerth"]
[Date "2014.06.07"]
[Round "1"]
[White "Felberbauer, Sara"]
[Black "Busuioc, Alexandra"]
[Result "1/2-1/2"]
[WhiteElo "1292"]
[BlackElo "1683"]
[PlyCount "71"]
[EventDate "2014.06.07"]
[EventType "swiss"]
[EventRounds "7"]
[EventCountry "AUT"]
[SourceTitle "EXT 2016"]
[Source "ChessBase"]
[SourceDate "2015.10.08"]
[SourceVersion "1"]
[SourceVersionDate "2015.10.08"]
[SourceQuality "1"]

1. e4 d6 2. d4 Nf6 3. f3 Nbd7 4. Bd3 e5 5. d5 c6 6. dxc6 bxc6 7. Ne2 d5 8. Bg5 Bb7 9. 0-0 Bc5+ 10. Kh1 0-0 11. Qe1 h6 12. Bd2 Nh5 13. Nbc3 Re8 14. Ng3 Nxg3+ 15. Qxg3 Kh8 16. Na4 Bd6 17. b3 Nf6 18. Rae1 Bc8 19. f4 Nh5 20. Qf3 Nxf4 21. Bxf4 exf4 22. exd5 Rxe1 23. Rxe1 cxd5 24. Qxd5 Be6 25. Qe4 g6 26. c4 Kh7 27. Qd4 Bb4 28. Qxd8 Rxd8 29. Rd1 Bf5 30. Be2 Rxd1+ 31. Bxd1 Bd7 32. Nb2 Bf5 33. Na4 Kg7 34. Bf3 Bd7 35. Nb2 g5 36. Nd3 1/2-1/2